000 00901cam a2200301 a 4500
001 3351984
003 SISC
005 20160314102143.0
008 860814s1987 njua 001 0 eng
010 _a 86022496
020 _a0139700218 (pbk.)
040 _aDLC
_cDLC
_dDLC
050 0 0 _aPE 1439
_b.W7 1987
082 0 0 _aHS 808.042
_bW93 1987
100 _aDonald, Robert B.
_913448
245 0 0 _aWriting clear paragraphs /
_cRobert B. Donald ... [et al.].
250 _a3rd ed.
260 _aEnglewood Cliffs, N.J. :
_bPrentice-Hall,
_cc1987.
300 _a338 p. :
_bill. ;
_c24 cm.
500 _aIncludes index.
650 0 _aEnglish language
_xParagraphs.
_913449
650 0 _aEnglish language
_xRhetoric.
_913450
650 0 _aReport writing.
_91734
700 1 _aDonald, Robert B.
_913451
906 _a7
_bcbc
_corignew
_d1
_eocip
_f19
_gy-gencatlg
942 _2lcc
_cBK
999 _c9392
_d9392